| 000 | 01234nam0a22002651 4500 | ||
|---|---|---|---|
| 001 | rc\3401231 | ||
| 005 | 20260510063528.0 | ||
| 021 |
_aRU _b[73-63029] |
||
| 035 | _a(NLR Aleph) 007573645 | ||
| 090 |
_a5432280 _c5432280 |
||
| 100 | _a20130115d1973 |||y0rusy50 ca | ||
| 101 | 0 | _arus | |
| 102 | _aRU | ||
| 105 | _aa z ||||| | ||
| 200 | 1 |
_aРекомендации по устройству конструкций крыш с внутренним водостоком при капитальном ремонте зданий _fМ-во жил.-коммун. хоз-ва РСФСР. Ленингр. науч.-исслед. ин-т Акад. коммун. хоз-ва им. К.Д. Памфилова |
|
| 210 |
_aЛенинград _cБ. и. _d1973 |
||
| 215 |
_a14, 98 с. _cчерт. _d20х29 |
||
| 606 |
_aКрыши совмещенные, железобетонные _2psbo |
||
| 606 |
_aВодостоки внутренние _2psbo |
||
| 712 | 0 | 2 |
_aЛенинградский НИИ Академии коммунального хозяйства им. К. Д. Памфилова _9373279 _3RU\NLR\AUTH\889939201 |
| 801 | 0 |
_aRU _bNLR _gpsbo |
|
| 801 | 1 |
_aRU _bELAR _2rusmarc |
|
| 852 |
_aNLR _j73-8/1163 |
||
| 942 | _cBOOK | ||
| 980 | _aNB | ||